Bible General Knowledge #1 - Statistics

General Stats
  • This quiz has been taken 64 times
  • The average score is 11 of 20
Answer Stats
Hint Answer % Correct
What is the first book of the Bible? Genesis
100%
Who did David defeat with only a sling and a stone? Goliath
93%
For how many days and nights did it rain during the Great Flood? 40
91%
Who was thrown into the lion's den by King Darius? Daniel
85%
Matthew, Mark, Luke and John are called what, collectively? The Gospels
78%
Who is credited for writing the first 5 Books of the Bible, known as the 'Torah'? Moses
76%
In what river was Jesus baptised? Jordan
71%
What is the name of the type of stories Jesus used throughout his ministry? Parable
62%
Who is the first Pope to be born in USA? Pope Leo XIV
58%
What language were the Gutenberg Bibles printed in? Latin
53%
Name the two Books of the Bible starting with 'Z' Zechariah
47%
What Biblical place was described as the 'Land Flowing with Milk and Honey'? Canaan
44%
What talking animal did Balaam own? Donkey
44%
Name the two Books of the Bible starting with 'Z' Zephaniah
38%
John Wesley is the founder of which Protestant Branch? Methodism
35%
From what tribe, located in the south coast of modern-day Israel was the above from? Philistine
35%
What country has the highest percentage of people who identify as Christians? Vatican City
33%
What is the most well-known hymn by John Newton? Amazing Grace
27%
Who is the only female Judge in the Book of Judges? Deborah
27%
From what city did Paul start all three of his missionary journeys? Antioch
18%
No matching quizzes found
Score Distribution
Percent of People with Each Score
Percentile by Number Answered
Your Score History
You have not taken this quiz